<?xml version="1.0" encoding="UTF-8"?><?xml-stylesheet type="text/xsl" href="static/style.xsl"?><OAI-PMH xmlns="http://www.openarchives.org/OAI/2.0/" xmlns:xsi="http://www.w3.org/2001/XMLSchema-instance" xsi:schemaLocation="http://www.openarchives.org/OAI/2.0/ http://www.openarchives.org/OAI/2.0/OAI-PMH.xsd"><responseDate>2026-06-01T19:57:03Z</responseDate><request verb="GetRecord" identifier="oai:riuma.uma.es:10630/24763" metadataPrefix="marc">https://riuma.uma.es/rest/oai/request</request><GetRecord><record><header><identifier>oai:riuma.uma.es:10630/24763</identifier><datestamp>2026-02-03T11:59:14Z</datestamp><setSpec>com_10630_2254</setSpec><setSpec>col_10630_37959</setSpec></header><metadata><record xmlns="http://www.loc.gov/MARC21/slim" xmlns:dcterms="http://purl.org/dc/terms/" xmlns:doc="http://www.lyncode.com/xoai" xmlns:xsi="http://www.w3.org/2001/XMLSchema-instance" xsi:schemaLocation="http://www.loc.gov/MARC21/slim http://www.loc.gov/standards/marcxml/schema/MARC21slim.xsd">
   <leader>00925njm 22002777a 4500</leader>
   <datafield ind2=" " ind1=" " tag="042">
      <subfield code="a">dc</subfield>
   </datafield>
   <datafield ind2=" " ind1=" " tag="720">
      <subfield code="a">Rojo, Javier</subfield>
      <subfield code="e">author</subfield>
   </datafield>
   <datafield ind2=" " ind1=" " tag="720">
      <subfield code="a">Hernández, Juan</subfield>
      <subfield code="e">author</subfield>
   </datafield>
   <datafield ind2=" " ind1=" " tag="720">
      <subfield code="a">García-Alonso, José Manuel</subfield>
      <subfield code="e">author</subfield>
   </datafield>
   <datafield ind2=" " ind1=" " tag="720">
      <subfield code="a">Berrocal, Javier</subfield>
      <subfield code="e">author</subfield>
   </datafield>
   <datafield ind2=" " ind1=" " tag="720">
      <subfield code="a">Murillo, Juan Manuel</subfield>
      <subfield code="e">author</subfield>
   </datafield>
   <datafield ind2=" " ind1=" " tag="720">
      <subfield code="a">Canal-Velasco, José Carlos</subfield>
      <subfield code="e">author</subfield>
   </datafield>
   <datafield ind2=" " ind1=" " tag="260">
      <subfield code="c">2022-09</subfield>
   </datafield>
   <datafield ind2=" " ind1=" " tag="520">
      <subfield code="a">The growing informatization of the environment allows modeling people’s behavior as a social workflow, where both individual actions and interactions with other people are captured. This modelling includes actions that are part of an individual’s routine, as well as less frequent events. Although infrequent actions may provide relevant information, it is routine behaviors that characterize users. However, the extraction of this knowledge is not simple. There are problems when analyzing together large amounts of traces from many users, resulting into a social workflow that does not clearly depict their behavior, either individually or as a group. Tools that allow grouping/filtering of users with a common behavior pattern are needed, to analyze each of these groups separately. This study presents the federated process mining and an associated tool, SOWCompact. Its potential is validated through the case study called activities of daily living (ADL). Using federated process mining, along with current process mining techniques, more compact processes using only the social workflow’s most relevant information are obtained, while allowing the analysis of these social workflows.</subfield>
   </datafield>
   <datafield ind1="8" ind2=" " tag="024">
      <subfield code="a">J. Rojo, J. Garcia-Alonso, J. Berrocal, J. Hernandez, J.M. Murillo, C. Canal. SOWCompact: A federated process mining method for social workflows. XVII Jornadas de Ciencia e Ingeniería de Servicios (JCIS 2022), Santiago de Compostela, 2022.</subfield>
   </datafield>
   <datafield ind1="8" ind2=" " tag="024">
      <subfield code="a">https://hdl.handle.net/10630/24763</subfield>
   </datafield>
   <datafield tag="653" ind2=" " ind1=" ">
      <subfield code="a">Minería de datos - Congresos</subfield>
   </datafield>
   <datafield ind2="0" ind1="0" tag="245">
      <subfield code="a">SOWCompact: A federated process mining method for social workflows</subfield>
   </datafield>
</record>
</metadata></record></GetRecord></OAI-PMH>